| 000 | 00604nam a22002057a 4500 | ||
|---|---|---|---|
| 003 | OSt | ||
| 005 | 20140310182055.0 | ||
| 008 | 130822t xxu||||| |||| 00| 0 eng d | ||
| 020 | _a0673990591 | ||
| 050 |
_aQA 152.2 _b.L52 1996 |
||
| 082 |
_aHS 512.9 _b L61 1996 |
||
| 100 |
_aLial, Margaret L. _912354 |
||
| 245 |
_aIntermediate algebra / _cMargaret L. Lial |
||
| 250 | _a7th Ed. | ||
| 260 |
_aNew York : Harper: _b CollinsCollege Publishers, _cc1996. |
||
| 300 |
_a683 p.: _bill.; _c26 cm. |
||
| 650 |
_a Algebra _911545 |
||
| 942 | _2lcc | ||
| 999 |
_c9076 _d9076 |
||